| Registos Bibliográficos associados ao registo de autoridade |
|
Etiqueta de registo: 00254nbm 2200025 450 001 2288411 003 http://id.bnportugal.gov.pt/bib/catbnp/2288411 100 ## $a20260619j18671110k y0pory01030103ba 101 0# $aporeng 102 ## $aPTFR 105 ## $ay z 000yy 106 ## $ah 200 1# $a [ Carta de Manuel de Sousa Coutinho para Fontes Pereira de Melo transmitindo as ordens
do Infante D. Augusto relativas ao "requerimento do afilhado [e] recomenda m[ui]to
e m[ui]to á solicitude [do destinatário] para o bom resultado deste negocio"] 210 #1 $aReal Paço das Necessidades (Lisboa),$d10 de Novembro 1867 215 ## $a[2] f.$d21 cm 300 ## $aOriginal autógrafo assinado 307 ## $aFalta de suporte 317 ## $aAdquirido em Março de 2004 (Leilão Pedro de Azevedo) 321 1# $aMónica, Maria Filomena - Fontes Pereira de Melo : uma biografia. 3a ed., rev. e aum.
Lisboa : Alêtheia, 2009 700 #1 $aCoutinho,$bManuel de Sousa,$f18--$32001167 702 #0 $aBragança,$bAugusto de,$f1847-1889$4060$31843306 702 #1 $aMelo,$bFontes Pereira de,$f1819-1887$4660$3118100 801 #0 $aPT$bBN$gRPC 966 ## $lBN$mRESARQ$sFPM-Cx. 01, n. 23$x2 971 ## $cipires$d20260619
|
|
|